Tradície a premeny multikultúrnej výchovy na Slovensku

Multikultúrna výchova - pojem, definície. Vznik a vývin multikultúrnej výchovy vo svete. Vznik a problémy multikultúrnej výchovy na Slovensku. Perspektívy multikultúrnej edukácie na Slovensku.

Salvato in:
Dettagli Bibliografici
Autore principale: Kominarec, Igor
Altri autori: Kominarecová, Edita
Natura: Capitolo di libro
Lingua:slovacco
Soggetti:
Tags: Aggiungi Tag
Nessun Tag, puoi essere il primo ad aggiungerne!!

MARC

LEADER 00000nla a2200000 4500
001 0233419
005 20240417075122.4
041 0 |a slo 
044 |a SK 
245 1 0 |a Tradície a premeny multikultúrnej výchovy na Slovensku  |c Igor Kominarec, Edita Kominarecová 
520 |a Multikultúrna výchova - pojem, definície. Vznik a vývin multikultúrnej výchovy vo svete. Vznik a problémy multikultúrnej výchovy na Slovensku. Perspektívy multikultúrnej edukácie na Slovensku. 
610 2 0 |a multikulturalizmus 
610 2 0 |a výchova 
610 2 0 |a Slovensko 
610 2 0 |a svet 
100 1 |a Kominarec, Igor 
700 1 |a Kominarecová, Edita